Statistics for Dead Marvel Characters

Click here to take the quiz!

General Stats

  • This quiz has been taken 25 times
  • The average score is 6 of 20

Answer Stats

YearCharacter% Correct
2007Captain America
77%
2016Hulk
64%
2004Antman
55%
2017Black Widow
50%
1948Bucky
41%
2012Professor X
41%
2008Wasp
41%
1973Gwen Stacy
36%
2004Hawkeye
36%
1982Elektra
32%
2004Vision
32%
1962Ben Parker
27%
2016War Machine
23%
2016Cyclops
14%
1974Swordsman
14%
2006Goliath
9%
1982Mar-Vell
9%
2014The Watcher
9%
1993Mockingbird
5%
2006Banshee
0%

Score Distribution

Percentile by Number Answered

Percent of People with Each Score

Your Score History

You have not taken this quiz